000 00288nam a22001337a 4500
008 180301b xxu||||| |||| 00| 0 eng d
020 _a9780226316017
041 _aeng
080 _a32
100 _a20
101 _aPOL
245 _aReflections baroque
_cHarbison,R
942 _2udc
_cBK
999 _c43829
_d43829